000 00861nam a22002177a 4500
003 NALT
005 20251125232922.0
008 s2529 th tha d
040 _aNALT
041 _atha
090 _aอศ
_bป467ค 2529
245 0 0 _aคู่มือมนุษย์ (อนุสรณ์ในงานฌาปนกิจนายปรีชา พงศ์วีระ).
260 _aกรุงเทพฯ :
_bโรงพิมพ์สหมิตร,
_c2529.
300 _a219 หน้า ;
_c19 ซม.
600 0 4 _aพุทธทาสภิกขุ
_xธรรมเทศนา
_96335
650 4 _aธรรมเทศนา
_910018
850 _aNALT
856 4 0 _uhttps://hdl.handle.net/20.500.14156/515274
942 _cCRE
_2local
999 _c23345
_d23345
998 _j104
_k นางสาวสายฝน ดีงาม